समूह -5 स् टाफ नर्स संयुक्त भर्ती परीक्षा 2024 -25 (Record no. 67848)
[ view plain ]
| 000 -LEADER | |
|---|---|
| fixed length control field | 00544nam a22001577a 4500 |
| 003 - CONTROL NUMBER IDENTIFIER | |
| control field | macl |
| 005 - DATE AND TIME OF LATEST TRANSACTION | |
| control field | 20250403121425.0 |
| 008 - FIXED-LENGTH DATA ELEMENTS--GENERAL INFORMATION | |
| fixed length control field | 250403b |||||||| |||| 00| 0 eng d |
| 040 ## - CATALOGING SOURCE | |
| Transcribing agency | macl |
| 082 ## - DEWEY DECIMAL CLASSIFICATION NUMBER | |
| Classification number | 001 |
| 100 ## - MAIN ENTRY--PERSONAL NAME | |
| Personal name | श्रीवास्तव, प्रदीप |
| 9 (RLIN) | 83077 |
| 245 ## - TITLE STATEMENT | |
| Title | समूह -5 स् टाफ नर्स संयुक्त भर्ती परीक्षा 2024 -25 |
| 260 ## - PUBLICATION, DISTRIBUTION, ETC. (IMPRINT) | |
| Name of publisher, distributor, etc. | अरिहन्त पब्किेशन्स |
| Date of publication, distribution, etc. | 2025 |
| 650 ## - SUBJECT ADDED ENTRY--TOPICAL TERM | |
| Topical term or geographic name as entry element | G.K. |
| 942 ## - ADDED ENTRY ELEMENTS (KOHA) | |
| Source of classification or shelving scheme | |
| Koha item type | Competitive Books |
| Withdrawn status | Lost status | Source of classification or shelving scheme | Damaged status | Not for loan | Home library | Current library | Date acquired | Cost, normal purchase price | Total Checkouts | Full call number | Barcode | Date last seen | Price effective from | Koha item type | Date last checked out |
|---|---|---|---|---|---|---|---|---|---|---|---|---|---|---|---|
| MACL | MACL | 03/04/2025 | 355.00 | 001 | DPI003348 | 03/04/2025 | 03/04/2025 | Competitive Books | |||||||
| MACL | MACL | 03/04/2025 | 355.00 | 001 | DPI003349 | 03/04/2025 | 03/04/2025 | Competitive Books | |||||||
| MACL | MACL | 03/04/2025 | 1 | 001 | DPI003350 | 18/06/2025 | 03/04/2025 | Competitive Books | 05/06/2025 |









